All The Countries And Capitals In Europe Quiz Stats

 Plays Quiz not verified by Sporcle

Also try: Countries: After L
Challenge
Share
Tweet
Embed
Score 0/95 Timer 14:00
0 Plays Today
Hint Answer % Correct
United Kingdom
90%
London
89%
France
87%
Germany
86%
Paris
85%
Berlin
84%
Austria
83%
Belgium
83%
Norway
83%
Finland
82%
Iceland
82%
Ireland
82%
Italy
82%
Portugal
82%
Spain
82%
Sweden
82%
Madrid
81%
The Netherlands
80%
80%
Denmark
79%
Rome
79%
Latvia
79%
Romania
79%
Andorra
78%
Hungary
78%
Dublin
78%
Oslo
78%
Poland
78%
Lisbon
78%
Bulgaria
76%
Estonia
76%
Amsterdam
76%
Hint Answer % Correct
Slovakia
76%
Albania
75%
Vienna
75%
Brussels
75%
Croatia
75%
Lithuania
75%
Luxembourg
75%
Luxembourg
75%
Belarus
74%
Bosnia and Herzegovina
74%
Greece
74%
Monaco
74%
Monaco
74%
Slovenia
74%
Switzerland
74%
Ukraine
74%
Cyprus
73%
Helsinki
73%
Moscow
73%
Czech Republic
72%
Prague
72%
Malta
72%
Copenhagen
70%
Kiev
70%
Athens
69%
Reykjavik
69%
Warsaw
69%
San Marino
69%
San Marino
69%
Budapest
68%
Macedonia
68%
Minsk
67%
Hint Answer % Correct
Sofia
67%
Montenegro
67%
Stockholm
67%
Moldova
66%
Bern
66%
Zagreb
64%
Liechtenstein
64%
Bucharest
64%
Riga
63%
Sarajevo
62%
Andorra la Vella
61%
Russia
61%
Tirana
60%
Tallinn
60%
Turkey
59%
Vilnius
58%
Bratislava
58%
Nicosia
56%
Vatican City
56%
Vatican city
56%
Serbia
55%
Vaduz
54%
Valletta
52%
Skopje
50%
Kosovo
48%
Ljubljana
48%
Podgorica
47%
Ankara
46%
Chisinau
46%
Belgrade
42%
Pristina
33%

You're not logged in!

Compare scores with friends on all Sporcle quizzes.
OR
Log In

You Might Also Like...

Show Comments

Extras

Top Quizzes Today


Score Distribution

Your Account Isn't Verified!

In order to create a playlist on Sporcle, you need to verify the email address you used during registration. Go to your Sporcle Settings to finish the process.

Report this User

Report this user for behavior that violates our Community Guidelines.

Details: